00790nam a2200241Ia 4500003000400000005001700004008004100021020002200062040000700084041000800091082001600099100002700115245005300142260003300195300001200228365001300240650002300253650004400276906005300320942001200373999001900385952014400404OSt20230522101720.0210423s2016 xx 000 0 und d a978-0-00-724630-4 cAL aeng a869.45 COEL aCOELHO (Paulo)9109977 aLike the flowing river: thoughts and reflections aLondonbHarper Collinsc2016 a232bPB b350cINR aLiterature9109978 aSpanish & Portuguese Literature9109979 aflowing ; Like ; reflections ; river: ; thoughts 2ddccBK c167818d167818 001040708GENaSACPGbSACPGd2016-09-29eNavakarnatakag350.00l3o869.45 COELpPG014320r2026-01-24 09:01:05s2026-01-09w2021-04-26yBK